000
00223nam a22000977a 4500
003
SGT
245
_a
INTERNATIONAL JOURNAL OF AYURVEDA & PHARMA RESEARCH
260
_a
NEW DELHI
_b
AYUSH
_c
2020
310
_a
7-12
942
_2
ddc
_c
BV
999
_c
29464
_d
29464